Biggest cities in Georgia (country) - Statistics

General Stats
  • This quiz has been taken 533 times
  • The average score is 5 of 10
Answer Stats
Hint Answer % Correct
1,172,700 Tbilisi
99%
125,800 Batumi
86%
196,800 Kutaisi
71%
54,900 Gori
59%
122,500 Rustavi
46%
47,900 Poti
44%
75,700 Zugdidi
42%
39,100 Sokhumi
41%
38,700 Khashuri
15%
32,200 Samtredia
15%
No matching quizzes found
Score Distribution
Percent of People with Each Score
Percentile by Number Answered
Your Score History
You have not taken this quiz